000 00700nam a2200229Ia 4500
003 GCL
008 140319s9999 xx 000 0 ara d
040 _aGCL /
_cGCL
082 0 4 _aط
_b239
_bع م
100 1 _aعبدالتواب يوسف
245 1 0 _aمحمد خير البشر صلى الله عليه وسلم /
_cعبدالتواب يوسف
700 1 _aعادل البطراوى
700 1 _aمحمد التهامى
260 _a[S.N] :
_bدار الكتاب المصرى
300 _aمتعدد الترقيم
490 _a
650 0 4 _aالسيرة النبوية
650 0 4 _aالاطفال
650 0 4 _aالقصص
650 0 4 _aقصص الاطفال
942 _2ddc
_cBK
999 _c57796
_d57796